| 000 -LEADER |
| fixed length control field |
01818nam a22001577a 4500 |
| 008 - FIXED-LENGTH DATA ELEMENTS--GENERAL INFORMATION |
| fixed length control field |
230209b ||||| |||| 00| 0 eng d |
| 100 ## - MAIN ENTRY--PERSONAL NAME |
| Personal name |
Pobee, Frederick |
| 245 ## - TITLE STATEMENT |
| Title |
Non-probabilistic approach to e-banking adoption: The moderating impact of Trialability |
| 260 ## - PUBLICATION, DISTRIBUTION, ETC. (IMPRINT) |
| Place of publication, distribution, etc |
Management and Labour Studies |
| 300 ## - PHYSICAL DESCRIPTION |
| Extent |
47(2), May, 2022: p.183-198 |
| 520 ## - SUMMARY, ETC. |
| Summary, etc |
The purpose of this study is to assess the factors influencing the adoption of e-banking in a developing country and to explore the moderating effects of trialability on the relationship between behavioural intention and the actual use of e-banking services. The study has employed the convenience and cross-sectional data collection approach in three of the 16 regions in Ghana. Data was collected from 568 respondents through an online survey. The Partial Least Square-Structural Equation Modelling (PLS-SEM) was used to analyse the data. The findings indicate that performance expectancy, effort expectancy, social influence and facilitating conditions positively and significantly influence the intention to adopt e-banking. The structural path analysis also showed that trialability positively and significantly moderates the relationship between behavioural intention and actual use of e-banking platforms. This research fills the existing gap in the e-banking literature by integrating trialability into the Unified Theory of Acceptance and Use of Technology (UTAUT) model to assess its moderating impact on the relationship between behavioural intention and actual e-banking adoption in a developing country. – Reproduced |
| 650 ## - SUBJECT ADDED ENTRY--TOPICAL TERM |
| Topical term or geographic name as entry element |
e-Banking, Trainability , Developing country, Adoption, Behavioral intention. |
| 9 (RLIN) |
35349 |
| 773 ## - HOST ITEM ENTRY |
| Main entry heading |
Management and Labour Studies |
| 906 ## - LOCAL DATA ELEMENT F, LDF (RLIN) |
| Subject DIP |
FINANCE - TECHNOLOGICAL INNOVATIONS |
| 942 ## - ADDED ENTRY ELEMENTS (KOHA) |
| Item type |
Articles |